|
|
|
|
| LEADER |
00700nam a22002052a 4500 |
| 001 |
000903379 |
| 003 |
CZ BrMZK |
| 005 |
20080703204454.0 |
| 007 |
ta |
| 008 |
080703s1891 xo er|||||||||||slo d |
| 040 |
|
|
|a BOA001
|b cze
|
| 100 |
1 |
|
|a Bodický, Michal,
|d 1852-1935
|7 jo2002145164
|4 aut
|
| 245 |
1 |
0 |
|a Modlitby za církev, zvláště z príležitosti shromáždenia synody r. 1891-1892 /
|c spísal modlitebník Boží Michal Bodický
|
| 260 |
|
|
|a V Ružomberku :
|b [s.n.],
|c 1891
|f Karol Salva
|
| 300 |
|
|
|a 77, 1 s. ;
|c 8°
|
| 910 |
|
|
|a BOA001
|b 1-0774.950
|
| 990 |
|
|
|a BK
|
| 993 |
|
|
|a Y
|
| 991 |
|
|
|b 200806
|
| 996 |
6 |
|
|b 2619542797
|c 1-0774.950
|l MZK
|r Sklad / do 1 hodiny
|n 0
|w 000903379
|u 000010
|a 1
|e BOA001
|j MZK50
|s P
|